Two Clues, One Click Quiz Stats

 Plays Quiz Updated Aug 24, 2014

Support Sporcle.
Go Orange.
Score 0/35 Timer 05:00
19 Plays Today
% Correct
Ginger
91.6%
Turkey
91%
Buck
90.9%
Mummy
90%
Smell
89.9%
Mold
89.5%
Pluto
89.4%
Pen
89%
Miss
88.4%
Diner
88.1%
Penguin
87.5%
Polo
87.4%
Rare
87.3%
Yahoo!
87.2%
Amazon
86.8%
Hook
86.3%
Crane
85.3%
Rock
85.1%
% Correct
Shot
84.1%
Raptor
83.7%
Club
83.7%
Cruise
83.6%
Fan
83.6%
Frog
82.5%
Spam
81.8%
Luther
80.6%
Hammer
80.5%
Othello
80.2%
Football
80.1%
House
78.5%
Court
77.8%
Paris
77.2%
Venus
75.7%
Thing
73.8%
Third
72.7%

You're not logged in!

Compare scores with friends on all Sporcle quizzes.
OR
Log In

From the Vault

MLB All-Star Left Fielders (AL)

by ian2813

We're glad these MLB All-Stars weren't left out.
Remove Ads.
Support Sporcle.
Get the best of Sporcle when you Go Orange. This ad-free experience offers more features, more stats, and more fun while also helping to support Sporcle. Thank you for becoming a member.

Show Comments

Extras

Top Quizzes Today


Score Distribution

Your Account Isn't Verified!

In order to create a playlist on Sporcle, you need to verify the email address you used during registration. Go to your Sporcle Settings to finish the process.

Report this User

Report this user for behavior that violates our Community Guidelines.

Details: